000 01186cam a22001694a 4500
005 20250605163654.0
008 250528s ||||||||||||||||||||||||d
035 _a24007
040 _aGR-AtMCL
_bgre
_dGR-AtMCL
_eAACR2
245 1 _aSupply Chain and Logistics / Το Περιοδικό για την Εφοδιαστική Αλυσίδα
260 _bParametros Group
_bScl Magazine,
_c2019
300 _a88
520 _aΕπαγγελματικό Όχημα και Αγορά Logistics: Από τα Van στους Τράκτορες για Όλες τις Ανάγκες των Logistics, η Τηλεματική στην Υπηρεσία του Φορτίου σας, Η Ελλάδα θα Μπορούσε να Ανέβει στο Τρένο των Εξελίξεων στις Μεταφορές και να Παίξει Πρωταγωνιστικό Ρόλο, Ανοδική Πορεία για τις Εκθέσεις 'Εφοδιαστική Αλυσίδα και Logistics' και 'Cargo Truck και Van' 2019, Augmented Reality στο Κέντρο Διανομής Β. Ελλ'αδος της Coca Cola 3Ε.
942 _cCR
999 _c8910
_d8910